000 00865cam a2200241 4500
001 A537
008 090401t1994 xxu||||| |||| 00| 0 eng d
035 _a(Sirsi) u95496
041 _aeng
110 _aRoyal Institution of Chartered Surveyors
_94900
245 _aProposed clauses and schedules for an arbitration bill
260 _bRICS
_c1994
300 _a7pp
350 _a3
490 _aRICS Memorandum
_vGCPPA/Report(94)14
520 _aComments prepared in response to a consultation paper issued by the DTI setting out proposals for the consolidation and partial revision of arbitration law.
650 _aARBITRATION BILL
650 _aDRAFT ARBITRATION BILL
650 _aRICS RESPONSE
690 _aMANAGEMENT-DISPUTE AVOIDANCE, MANAGEMENT AND RESOLUTION-DISPUTE MANAGEMENT AND RESOLUTION-ARBITRATION
942 _n0
948 _c04/03/1997
999 _c98508
_d98508